| 000 | 00630nam a22001577a 4500 | ||
|---|---|---|---|
| 003 | OSt | ||
| 005 | 20150916172757.0 | ||
| 008 | 150916b xxu||||| |||| 00| 0 eng d | ||
| 040 | _cRUA | ||
| 082 | _aAGR KOE 1999 BOO25 Or.1 | ||
| 100 |
_9626 _aKOEUT,PHALLYN |
||
| 245 | _aADOPTION OF GREEN MANURE BEFORE RAINFED LOWLAND RICE IN CAMBODIA,(ការទទួលយកបច្ចេកទេសវិជ្ជាដំណាំជីស្រស់ដាំមុនស្រូវវស្សានៅប្រទឹសកមម្ពុជា). | ||
| 260 |
_aphnom phen _bRUA _c1999 |
||
| 300 |
_a67P. _bILL. _c29CM. |
||
| 942 |
_2ddc _cAGR |
||
| 999 |
_c599 _d599 |
||